| 000 | 01087nac a22003017a 4500 | ||
|---|---|---|---|
| 001 | BR7600892 | ||
| 003 | BR-BrBNA | ||
| 005 | 20240105113916.0 | ||
| 008 | 230509b bl.|||m| |||| 00| 0 por d | ||
| 040 |
_aBR-BrBNA _bpor _cBiblioteca Nacional de Agricultura |
||
| 072 | _aE70; D50; M10 | ||
| 090 | _a9800 BR7600892 | ||
| 110 | 1 |
_aPrograma de Pesquisa e Desenvolvimento Pesqueiro do Brasil, Rio de Janeiro, RJ _97973 |
|
| 245 | 1 | _aBoletim do mercado pesqueiro. Dados estatisticos e informacoes gerais [importacao, exportacao, preco, mercado atacadista, mercado varejista, legislacao] | |
| 260 | 3 |
_aRio de Janeiro, RJ (Brasil): _c1975. |
|
| 300 | _a43 p. | ||
| 490 |
_aBoletim do Mercado Pesqueiro - Programa de Pesquisa e Desenvolvimento Pesqueiro do Brasil (Brazil) _vno. 11-12 _x |
||
| 500 | _aNumerical data | ||
| 650 | _aPEIXE | ||
| 650 | _aIMPORTACAO | ||
| 650 | _aEXPORTACAO | ||
| 650 | _aPRECO | ||
| 650 | _aMERCADO ATACADISTA | ||
| 650 | _aMERCADO VAREJISTA | ||
| 650 | _aLEGISLACAO | ||
| 909 |
_a202312 _bLúcia Elande _c55 _dLúcia Elande |
||
| 942 |
_2AGRIS _n0 _cMS |
||
| 999 |
_c266289 _d266289 |
||